Communicating emotion at work / (Record no. 4338)

000 -LEADER
fixed length control field 02702cam a2200505 i 4500
001 - CONTROL NUMBER
control field 21403091
003 - CONTROL NUMBER IDENTIFIER
control field OSt
005 - DATE AND TIME OF LATEST TRANSACTION
control field 20230710115026.0
008 - FIXED-LENGTH DATA ELEMENTS--GENERAL INFORMATION
fixed length control field 200127s2012 enk b 001 0 eng d
010 ## - LIBRARY OF CONGRESS CONTROL NUMBER
LC control number 2020275345
015 ## - NATIONAL BIBLIOGRAPHY NUMBER
National bibliography number GBB180933
Source bnb
016 7# - NATIONAL BIBLIOGRAPHIC AGENCY CONTROL NUMBER
Record control number 015841563
Source Uk
020 ## - INTERNATIONAL STANDARD BOOK NUMBER
International Standard Book Number 9780745648958
Qualifying information (hbk.)
020 ## - INTERNATIONAL STANDARD BOOK NUMBER
International Standard Book Number 0745648959
Qualifying information (hbk.)
020 ## - INTERNATIONAL STANDARD BOOK NUMBER
International Standard Book Number 9780745648965
Qualifying information (pbk.)
020 ## - INTERNATIONAL STANDARD BOOK NUMBER
International Standard Book Number 0745648967
Qualifying information (pbk.)
024 8# - OTHER STANDARD IDENTIFIER
Standard number or code 40020261824
035 ## - SYSTEM CONTROL NUMBER
System control number (OCoLC)ocn760285081
040 ## - CATALOGING SOURCE
Original cataloging agency UKMGB
Language of cataloging eng
Transcribing agency UKMGB
Modifying agency YDXCP
Description conventions rda
Modifying agency CUT
-- BDX
-- UPM
-- ITD
-- CDX
-- BWK
-- BWX
-- A7U
-- KMS
-- ALAUL
-- OCLCQ
-- CNGUL
-- PHUST
-- MMV
-- VGM
-- OCLCQ
-- CCH
-- OCLCF
-- OCLCQ
-- UKOBU
-- CEF
-- UKMGB
-- CNMTR
-- CNCLB
-- DLC
042 ## - AUTHENTICATION CODE
Authentication code lccopycat
050 00 - LIBRARY OF CONGRESS CALL NUMBER
Classification number HD30.3.W3448 2012
082 04 - DEWEY DECIMAL CLASSIFICATION NUMBER
Classification number 658.45
Edition number 22
084 ## - OTHER CLASSIFICATION NUMBER
Classification number C936
Source of number clc
084 ## - OTHER CLASSIFICATION NUMBER
Classification number F272.9
Source of number clc
100 1# - MAIN ENTRY--PERSONAL NAME
Personal name Waldron, Vincent R.,
Relator term author.
245 10 - TITLE STATEMENT
Title Communicating emotion at work /
Statement of responsibility, etc Vincent R. Waldron.
260 ## - PUBLICATION, DISTRIBUTION, ETC. (IMPRINT)
Place of publication, distribution, etc Cambridge, Umited Kingdom
Name of publisher, distributor, etc Polity Press
Date of publication, distribution, etc 2012
300 ## - PHYSICAL DESCRIPTION
Extent xvi, 194 pages ;
Dimensions 22 cm.
490 1# - SERIES STATEMENT
Series statement Key themes in organizational communication
504 ## - BIBLIOGRAPHY, ETC. NOTE
Bibliography, etc Includes bibliographical references and index.
505 0# - FORMATTED CONTENTS NOTE
Formatted contents note Emotional Connections : Intersections of Communication, Work, and Feeling -- Communicating Emotion : Levels of Organization and Forms of Expression -- Emotional Occupations -- Work Relationships : Getting Emotional with Peers, Supervisors, and Others -- Emotion and Organizational Morality -- Emotional Trends.
520 ## - SUMMARY, ETC.
Summary, etc Communicating Emotion at Work chronicles the rich emotional experiences of employees drawn from a broad cross-section of industries and occupations. It takes a decidedly positive approach, recognizing that emotional communication is a vital and creative response to the challenges of life in complex organizations. The text introduces readers to the engaging and cross-disciplinary body of research that has emerged around organizational emotion. At the same time, each chapter is steeped in real-life emotional narratives, concrete examples, and the contemporary trends that are changing the emotional tenor of work.
650 #0 - SUBJECT ADDED ENTRY--TOPICAL TERM
Topical term or geographic name as entry element Communication in management
General subdivision Psychological aspects.
650 #0 - SUBJECT ADDED ENTRY--TOPICAL TERM
Topical term or geographic name as entry element Emotions.
650 #6 - SUBJECT ADDED ENTRY--TOPICAL TERM
Topical term or geographic name as entry element Communication en gestion
General subdivision Aspect psychologique.
650 #6 - SUBJECT ADDED ENTRY--TOPICAL TERM
Topical term or geographic name as entry element Émotions.
650 #7 - SUBJECT ADDED ENTRY--TOPICAL TERM
Topical term or geographic name as entry element Communication in management
General subdivision Psychological aspects.
Source of heading or term cct
650 #7 - SUBJECT ADDED ENTRY--TOPICAL TERM
Topical term or geographic name as entry element Emotions.
Source of heading or term cct
650 #7 - SUBJECT ADDED ENTRY--TOPICAL TERM
Topical term or geographic name as entry element Business and Management.
Source of heading or term eflch
650 #7 - SUBJECT ADDED ENTRY--TOPICAL TERM
Topical term or geographic name as entry element Emotions.
Source of heading or term fast
830 #0 - SERIES ADDED ENTRY--UNIFORM TITLE
Uniform title Key themes in organizational communication.
906 ## - LOCAL DATA ELEMENT F, LDF (RLIN)
a 7
b cbc
c copycat
d 2
e ncip
f 20
g y-gencatlg
942 ## - ADDED ENTRY ELEMENTS (KOHA)
Source of classification or shelving scheme
Koha item type Book
Holdings
Withdrawn status Lost status Source of classification or shelving scheme Damaged status Not for loan Home library Current library Date acquired Total Checkouts Full call number Barcode Date last seen Copy number Price effective from Koha item type
          Riara University Library Riara University Library 10/07/2023   HD30.3.W3448 2012 10661/23 10/07/2023 C.1 10/07/2023 Book

Riara University Library,
P.O. Box 49940-00100,
Nairobi, Kenya.